| 000 | 00832nam a2200265Ia 4500 | ||
|---|---|---|---|
| 003 | OSt | ||
| 005 | 20221005060214.0 | ||
| 006 | a|||||r|||| 00| 0 | ||
| 007 | ta | ||
| 008 | 221004b |||||||| |||| 00| 0 eng d | ||
| 020 |
_a0415345197 (hbk) _c6886.70 |
||
| 024 | _a86768 | ||
| 037 |
_b11250, 14/12/2007, Overseas Press _cTextual |
||
| 040 |
_aCRL _cCRL _beng |
||
| 041 |
_2eng _aeng |
||
| 082 | _aQ4:(R3), P5 | ||
| 100 |
_aRonkin Noa _9146960 |
||
| 245 | 0 |
_aEarly buddhist metaphysics _b the making of a philosophical tradition |
|
| 260 |
_aLondon _bRouledge Curzon UK _c2005 |
||
| 300 |
_axiii, 279p. _ccm. |
||
| 490 | _aRoutledge curzon critical studies in buddhism | ||
| 650 | _aRELIGION | ||
| 942 |
_hQ4:(R3), P5 _cTEXL _2cc |
||
| 999 |
_c966356 _d966356 |
||